Double Double Letter Images Quiz Stats

 Plays Quiz Updated Aug 7, 2016

Challenge
Share
Tweet
Score 0/20 Timer 04:00
5 Plays Today
Hint Answer % Correct
Raccoon
95.5%
Hippogriff Tattoo
95.1%
Mattress
92.7%
Balloon
92.6%
Halloween
91.2%
Volleyball
90.1%
Grasshopper
86.5%
Cappuccino
86.3%
Peekaboo
85%
Beekeeper
84.8%
Hint Answer % Correct
Massachusetts
75.2%
Dumbbells
74.8%
Bassoon
68.7%
Woodchipper
63.4%
Tweedledee
60.7%
Muumuu
35.1%
Wookiee
30%
Terracotta
27.3%
Gooseberries
25.6%
Kookaburra
25%

You're not logged in!

Compare scores with friends on all Sporcle quizzes.
OR
Log In

You Might Also Like...

Show Comments

Extras

Top Quizzes Today


Score Distribution

Your Account Isn't Verified!

In order to create a playlist on Sporcle, you need to verify the email address you used during registration. Go to your Sporcle Settings to finish the process.

Report this User

Report this user for behavior that violates our Community Guidelines.

Details: